000 00566cam a22002053a 4500
001 44984
003 PGUSA
005 20140828084028.0
008 140223s2014||||xxu|||||s|||||000 | eng d
040 _aPGUSA
_beng
042 _adc
100 1 _aWells, Carolyn,
_d1862-1942
245 1 4 _aThe Mystery Girl
_h[electronic resource] /
_cCarolyn Wells
260 _bProject Gutenberg,
_c2014
506 _aPublic domain in the USA.
516 _aElectronic text
830 0 _aProject Gutenberg
_v44984
856 4 0 _uhttp://www.gutenberg.org/ebooks/44984
942 _cEB
999 _c274235
_d274235